Georgia True or False? - Statistics

General Stats
  • This quiz has been taken 8,087 times
  • The average score is 12 of 15
Answer Stats
Question Answer % Correct
Georgia is the home state of a former U.S. President True
91%
Georgia hosts one of the four major golf tournaments True
89%
It hasn't snowed in Georgia in over 100 years False
87%
Coca-Cola was invented in Georgia True
86%
Georgia is landlocked False
84%
Georgia has hosted the Olympic Games True
84%
Georgia (the state) has more people than Georgia (the country) True
81%
Georgia borders Mississippi False
78%
Georgia's state animal is the giant anteater False
77%
Georgia is the southernmost of the original 13 states True
76%
Georgia's name comes from the Arapahoe for "many waters" False
73%
Every governor in Georgia's history has been a member of the Republican Party False
72%
Atlanta was burned to ground during the Civil War True
72%
Beyoncé was born and raised in Atlanta False
70%
Georgia grows more pistachios than any other state False
51%
No matching quizzes found
Score Distribution
Percent of People with Each Score
Percentile by Number Answered
Your Score History
You have not taken this quiz